Catálogo público

Efecto del nivel de energía, proteína, fuente de proteína y enzimas sobre los parámetros productivos y las características de la canal en los pollos de engorda / (Record no. 164960)

MARC details
000 -CABECERA
campo de control de longitud fija 01042nam a2200301Ia 4500
001 - NÚMERO DE CONTROL
campo de control Z_1866
003 - IDENTIFICADOR DEL NÚMERO DE CONTROL
campo de control CHAP
008 - DATOS DE LONGITUD FIJA--INFORMACIÓN GENERAL
campo de control de longitud fija 220113s1998 xx 000 0 und d
010 ## - NÚMERO DE CONTROL DE LA BIBLIOTECA DEL CONGRESO
Número de control de LC 164960
040 ## - FUENTE DE LA CATALOGACIÓN
Centro/agencia transcriptor CHAP
090 ## - LOCALMENTE ASIGNADO TIPO-LC NÚMERO DE CLASIFICACIÓN (OCLC); NÚMERO DE CLASIFICACIÓN LOCAL (RLIN)
Número de clasificación (OCLC) (R) ; Numero de clasificación, CALL (RLIN) (NR) Tesis J 1303
100 ## - ENTRADA PRINCIPAL--NOMBRE DE PERSONA
Nombre de persona Juárez Zárate, Angel
9 (RLIN) 62505
245 ## - MENCIÓN DE TÍTULO
Título Efecto del nivel de energía, proteína, fuente de proteína y enzimas sobre los parámetros productivos y las características de la canal en los pollos de engorda /
Mención de responsabilidad, etc. por Angel Juárez Zárate
260 ## - PUBLICACIÓN, DISTRIBUCIÓN, ETC.
Lugar de publicación, distribución, etc. Chihuahua, Chih. :
Nombre del editor, distribuidor, etc. El autor,
Fecha de publicación, distribución, etc. 1998
300 ## - DESCRIPCIÓN FÍSICA
Extensión 75 h.
502 ## - NOTA DE TESIS
Nota de tesis Tesis (Doctor en Philosophia, Especialista en Nutrición animal) -- Universidad Autónoma de Chihuahua. Facultad de Filosofía
650 ## - PUNTO DE ACCESO ADICIONAL DE MATERIA--TÉRMINO DE MATERIA
Término de materia o nombre geográfico como elemento de entrada Aves de corral
Subdivisión general Engorda
9 (RLIN) 8647
650 ## - PUNTO DE ACCESO ADICIONAL DE MATERIA--TÉRMINO DE MATERIA
Término de materia o nombre geográfico como elemento de entrada Aves de corral
Subdivisión general Peso
9 (RLIN) 8674
650 ## - PUNTO DE ACCESO ADICIONAL DE MATERIA--TÉRMINO DE MATERIA
Término de materia o nombre geográfico como elemento de entrada Carne de pollo en canal
9 (RLIN) 19172
650 ## - PUNTO DE ACCESO ADICIONAL DE MATERIA--TÉRMINO DE MATERIA
Término de materia o nombre geográfico como elemento de entrada Enzimas
9 (RLIN) 37195
650 ## - PUNTO DE ACCESO ADICIONAL DE MATERIA--TÉRMINO DE MATERIA
Término de materia o nombre geográfico como elemento de entrada Proteínas en nutrición animal
9 (RLIN) 92454
901 ## - ELEMENTOS DE DATOS A LOCAL LDA (RLIN)
a TESIS J 1303
902 ## - ELEMENTOS DE DATOS B LOCAL, LDB (RLIN)
a M
910 ## - DATOS DE OPCIÓN DEL USUARIO (OCLC)
Datos de opción del usuario 1998
942 ## - ELEMENTOS DE PUNTO DE ACCESO ADICIONAL (KOHA)
Tipo de ítem Koha Tesis_
942 ## - ELEMENTOS DE PUNTO DE ACCESO ADICIONAL (KOHA)
Tipo de ítem Koha Tesis_
Holdings
Estado de retiro Estado de pérdida Estado dañado No para préstamo Localización permanente Ubicación/localización actual Ubicación en estantería Fecha de adquisición Información codificada de la localización en otra ubicación Total de préstamos Código de barras Fecha visto por última vez Número de copia Precio válido a partir de Tipo de ítem Koha Nota pública
        Zootecnia Zootecnia   09/11/2005 2   z_T 1900 18/01/2022 1 18/01/2022 Tesis_ 2